[Event "DOM-ch"]
[Site "Santo Domingo"]
[Date "2017.05.05"]
[Round "9"]
[White "Reyes Perez, Eury Luis"]
[Black "Sanchez Puente, Carlos Johan"]
[Result "1-0"]
[WhiteElo "1895"]
[BlackElo "1901"]
[PlyCount "143"]
[EventDate "2017.04.21"]
[EventType "swiss"]
[EventRounds "11"]
[EventCountry "DOM"]
[SourceTitle "CBM 178 Extra"]
[Source "ChessBase"]
[SourceDate "2017.06.22"]
[SourceVersion "1"]
[SourceVersionDate "2017.06.22"]
[SourceQuality "1"]

1. c4 e6 2. g3 Nf6 3. Bg2 d5 4. Nf3 Be7 5. 0-0 0-0 6. d3 c5 7. Na3 Nc6 8. Bf4 Nh5 9. Bd2 a6 10. Bc3 f5 11. Ne5 Nf6 12. Rc1 Nxe5 13. Bxe5 b6 14. cxd5 exd5 15. Nc4 Be6 16. Ne3 Ng4 17. Nxg4 fxg4 18. Qb3 b5 19. e4 c4 20. Qc3 Bg5 21. Rcd1 dxe4 22. dxc4 Qc8 23. Bxe4 Ra7 24. c5 Bc4 25. Bd5+ Bxd5 26. Rxd5 Rf3 27. Qd4 Raf7 28. Qe4 h6 29. c6 Be3 30. Bd4 Bxd4 31. Rxd4 R3f6 32. Rfd1 Qxc6 33. Rd8+ Rf8 34. Rxf8+ Kxf8 35. Qxg4 Re6 36. h4 Kf7 37. h5 Kf8 38. Rd8+ Ke7 39. Qh4+ Rf6 40. Qd4 Qc1+ 41. Kg2 Qc6+ 42. Qd5 Qxd5+ 43. Rxd5 Ke6 44. Rc5 Kd6 45. b4 g6 46. hxg6 Rxg6 47. f4 Kd7 48. Kf3 Rd6 49. Ke4 Rg6 50. Rc3 Re6+ 51. Kf5 Re2 52. a3 Kd6 53. Rd3+ Ke7 54. Kg6 Re6+ 55. Kf5 Re2 56. g4 Re1 57. Rh3 Ra1 58. Kg6 Rg1 59. g5 hxg5 60. fxg5 Re1 61. Kg7 Ke6 62. Rf3 Ke7 63. Rf6 a5 64. bxa5 Re3 65. Rb6 Rxa3 66. Rxb5 Rh3 67. a6 Ra3 68. Rb6 Ra4 69. g6 Ra2 70. Rb7+ Ke6 71. a7 Kf5 72. Kf7 1-0

[Event "DOM-ch"]
[Site "Santo Domingo"]
[Date "2017.04.28"]
[Round "5"]
[White "Feliz Dotel, Dewar Bienvenido"]
[Black "Sanchez Puente, Carlos Johan"]
[Result "1-0"]
[WhiteElo "2111"]
[BlackElo "1901"]
[PlyCount "85"]
[EventDate "2017.04.21"]
[EventType "swiss"]
[EventRounds "11"]
[EventCountry "DOM"]
[SourceTitle "CBM 178 Extra"]
[Source "ChessBase"]
[SourceDate "2017.06.22"]
[SourceVersion "1"]
[SourceVersionDate "2017.06.22"]
[SourceQuality "1"]

1. Nf3 d5 2. c4 e6 3. g3 Nf6 4. Bg2 c5 5. cxd5 exd5 6. d4 c4 7. 0-0 Be7 8. Nc3 0-0 9. Qc2 Bb4 10. Bg5 Bxc3 11. bxc3 h6 12. Bxf6 Qxf6 13. e4 Bg4 14. Ne5 Bd7 15. exd5 Bb5 16. Rfe1 Qd6 17. Re3 Nd7 18. a4 Ba6 19. Nxd7 Qxd7 20. Rae1 b5 21. Re7 Qd6 22. axb5 Bxb5 23. Rb7 a6 24. Qf5 Rab8 25. Ree7 Rxb7 26. Rxb7 Qa3 27. Be4 Qc1+ 28. Kg2 g6 29. Qf6 Qg5 30. Qe5 Re8 31. Qc7 Qf6 32. Bf3 h5 33. d6 Qe6 34. d7 Bxd7 35. Qxd7 Qxd7 36. Rxd7 Re1 37. d5 Kf8 38. d6 Rc1 39. Rd8+ Kg7 40. d7 Rxc3 41. Rc8 Rd3 42. d8Q Rxd8 43. Rxd8 1-0

[Event "DOM-ch"]
[Site "Santo Domingo"]
[Date "2017.04.22"]
[Round "3"]
[White "Sanchez Puente, Carlos Johan"]
[Black "Mejia Sosa, Johnatan Radhames"]
[Result "1-0"]
[WhiteElo "1901"]
[BlackElo "1731"]
[PlyCount "105"]
[EventDate "2017.04.21"]
[EventType "swiss"]
[EventRounds "11"]
[EventCountry "DOM"]
[SourceTitle "CBM 178 Extra"]
[Source "ChessBase"]
[SourceDate "2017.06.22"]
[SourceVersion "1"]
[SourceVersionDate "2017.06.22"]
[SourceQuality "1"]

1. d4 d5 2. c4 Nf6 3. Nc3 e6 4. Bf4 Bb4 5. e3 Ne4 6. Qb3 Nc6 7. Nf3 a5 8. Bd3 a4 9. Qc2 f5 10. 0-0 g5 11. Be5 Rg8 12. cxd5 exd5 13. Nb5 Bd6 14. Bxd6 cxd6 15. a3 g4 16. Nd2 Qf6 17. Nc7+ Kf7 18. Nxd5 Qg5 19. Bxe4 fxe4 20. Nc7 Bf5 21. Qc4+ Kg7 22. Nxa8 Rxa8 23. Qb5 Rf8 24. Nxe4 Qe7 25. Ng3 Bg6 26. Rac1 Qf7 27. Qg5 Kh8 28. Qxg4 Bd3 29. Qh5 Qxh5 30. Nxh5 Bxf1 31. Kxf1 Rf5 32. g4 Rb5 33. Rc2 Kg8 34. f4 Kf7 35. Ng3 d5 36. Ne2 Rb3 37. Kf2 Na5 38. Nc1 Rb5 39. Nd3 Nc4 40. Ne5+ Nxe5 41. dxe5 Rb3 42. f5 h6 43. h4 b5 44. g5 b4 45. g6+ Ke8 46. f6 bxa3 47. e6 Rxb2 48. Rxb2 axb2 49. g7 Kd8 50. g8Q+ Kc7 51. Qh7+ Kc6 52. f7 a3 53. e7 1-0

[Event "DOM-ch"]
[Site "Santo Domingo"]
[Date "2017.04.22"]
[Round "2"]
[White "Zorrilla Jimenez, Wilber Edwin"]
[Black "Sanchez Puente, Carlos Johan"]
[Result "1-0"]
[WhiteElo "2052"]
[BlackElo "1901"]
[PlyCount "39"]
[EventDate "2017.04.21"]
[EventType "swiss"]
[EventRounds "11"]
[EventCountry "DOM"]
[SourceTitle "CBM 178 Extra"]
[Source "ChessBase"]
[SourceDate "2017.06.22"]
[SourceVersion "1"]
[SourceVersionDate "2017.06.22"]
[SourceQuality "1"]

1. Nf3 d5 2. d4 g6 3. Bf4 Bf5 4. e3 Bg7 5. Be2 Nf6 6. c4 e6 7. Nc3 c6 8. 0-0 0-0 9. c5 Nbd7 10. h3 Re8 11. Ne5 Nxe5 12. Bxe5 Nd7 13. Bxg7 Kxg7 14. f4 Nf6 15. Bd3 Rg8 16. Nb1 Kh8 17. Nd2 Ne4 18. Nf3 Nf6 19. Ne5 Nd7 20. Nxf7+ 1-0

[Event "DOM-ch"]
[Site "Santo Domingo"]
[Date "2015.05.02"]
[Round "2"]
[White "Sanchez Puente, Carlos Johan"]
[Black "Camacho Campusano, David Daniel"]
[Result "0-1"]
[WhiteElo "1918"]
[BlackElo "2026"]
[PlyCount "64"]
[EventDate "2015.05.01"]
[EventType "swiss"]
[EventRounds "11"]
[EventCountry "DOM"]
[SourceTitle "CBM 166 Extra"]
[Source "ChessBase"]
[SourceDate "2015.06.18"]
[SourceVersion "1"]
[SourceVersionDate "2015.06.18"]
[SourceQuality "1"]

1. d4 d5 2. Nf3 Nf6 3. Nbd2 Bf5 4. c4 e6 5. a3 c6 6. c5 Nbd7 7. b4 Be7 8. Bb2 0-0 9. Nh4 Be4 10. f3 Nh5 11. g3 Bxh4 12. Nxe4 dxe4 13. gxh4 Qxh4+ 14. Kd2 exf3 15. exf3 Ne5 16. Kc1 Rfd8 17. Kb1 b6 18. Qb3 Ng6 19. Qc3 Ne7 20. Bd3 Nd5 21. Qc2 g6 22. cxb6 axb6 23. Rg1 Nhf4 24. Be4 Rac8 25. Qd2 Nf6 26. Bc2 c5 27. Qe3 N6d5 28. Qd2 cxd4 29. Rg4 Qf6 30. Bb3 e5 31. Ka2 Nc3+ 32. Bxc3 dxc3 0-1